Sinh Thái học

Trình bày những kiến thức cơ bản về sinh thái học; môi trường và sinh thái học; ảnh hưởng của các yếu tố sinh thái đối với sinh vật; quần thể sinh vật; quần xã sinh vật; hệ sinh thái; sinh quyển và các khu sinh học; dân số, tài nguyên và phát triển bền vững...

詳細記述

保存先:
書誌詳細
第一著者: Võ Văn Phú
フォーマット: 図書
言語:Vietnamese
出版事項: Huế Đại học Huế 2014
主題:
タグ: タグ追加
タグなし, このレコードへの初めてのタグを付けませんか!
Thư viện lưu trữ: Mạng thư viện Đại học Đà Nẵng
LEADER 01455aam a22003738a 4500
001 000020189
003 16634
005 20150306140311.0
008 150306s2014 viesd
020 |c 115000đ  |d 500b 
041 0 |a vie 
082 0 4 |2 23  |a 577  |b VO-P 
100 1 |a Võ Văn Phú 
245 1 0 |a Sinh Thái học  |c Võ Văn Phú 
246 |a Ecology 
260 |a Huế  |b Đại học Huế  |c 2014 
300 |a 349 tr.  |b minh hoạ  |c 24 cm. 
504 |a Thư mục: tr. 345-349 
520 |a Trình bày những kiến thức cơ bản về sinh thái học; môi trường và sinh thái học; ảnh hưởng của các yếu tố sinh thái đối với sinh vật; quần thể sinh vật; quần xã sinh vật; hệ sinh thái; sinh quyển và các khu sinh học; dân số, tài nguyên và phát triển bền vững 
650 0 4 |a Sinh thái học 
650 7 |2 Bộ TK TVQG 
653 |a Sinh thái học 
653 |a Môi trường 
653 |a Phát triển bền vững 
OWN |a LSP 
AVA |a UDN50  |b LSP  |d 577 VO-P  |e check_holdings  |t Error 5003 Not defined in file expand_doc_bib_avail.  |h N  |k 1 
999 |a From the UDN01 
AVA |a UDN50  |b LSP  |d 577 VO-P  |e available  |t Error 5001 Not defined in file expand_doc_bib_avail.  |f 20  |g 9  |h N  |i 37  |k 1 
TYP |a Monograph 
TYP |a Printed language 
980 |a Mạng thư viện Đại học Đà Nẵng